| 000 | 01047cam a2200277 a 4500 | ||
|---|---|---|---|
| 999 |
_c2148 _d2148 |
||
| 001 | (Sirsi) a737035 | ||
| 003 | OSt | ||
| 005 | 20230313110632.0 | ||
| 008 | 111226s2003 enka b 000 1 eng d | ||
| 020 | _a9780140569384 (pbk.) : | ||
| 040 |
_aCHA _beng _cTAE _dKH8 |
||
| 042 | _anbic | ||
| 082 | 0 | _a823.914 NIC | |
| 100 | 1 |
_aNicoll, Helen, _d1937- |
|
| 245 | 1 | 0 |
_aMeg, Mog and Og / _cby Helen Nicoll and [illustrated by] Jan Pienkowski. |
| 246 | 3 | 4 | _aMeg, Mog & Og. |
| 260 |
_aLondon : _bPuffin, _c2003. |
||
| 300 |
_a[32] p. : _bcol. ill. ; _c21 cm. |
||
| 490 | 0 | _aMeg and Mog books. | |
| 520 | _aCrom the caveman has caught Og the woolly mammoth for his tea but Meg is a vegetarian! She persuades him to eat her delicious bubble and squeak. Og is rather partial to it too and follows Meg home for another trunkful. | ||
| 521 | 1 | _a4-8. | |
| 650 | 0 |
_aMeg (Fictitious character : Nicoll) _vJuvenile fiction. |
|
| 650 | 0 |
_aMog (Fictitious character : Nicoll) _vJuvenile fiction. |
|
| 700 | 1 |
_aPienkowski, Jan. _eauthor |
|
| 942 |
_2ddc _cNFIC |
||